[Event "82nd Tata Steel Challengers 2020"]
[Site "Wijk aan Zee"]
[Date "2020.01.11"]
[Round "1.1"]
[White "Saduakassova, Dinara"]
[Black "Mamedov, Rauf"]
[Result "1/2-1/2"]
[WhiteElo "2519"]
[BlackElo "2659"]
[Annotator "TA"]
[PlyCount "55"]
[EventDate "2020.01.11"]
[EventType "tourn"]
[EventCountry "NED"]
[SourceTitle "playchess.com"]
[Source "ChessBase"]
[SourceQuality "1"]

{[%evp 9,55,21,27,27,27,25,31,34,27,30,37,32,39,26,41,29,35,0,9,8,7,-14,-6,-9,-9,-28,-28,-53,-53,-53,-53,-66,-66,-67,0,0,0,0,0,0,0,0,13,0,0,0,18,0]} 1. d4 d5 2. c4 e6 3. Nf3 a6 4. cxd5 exd5 5. Nc3 Nf6 6. Bg5 {D37: Queen's Gambit Declined: 5 Bf4.} Be6 7. e3 Nbd7 8. Bd3 {White is slightly better.} h6 9. Bf4 g5 10. Bg3 Nh5 11. Qc2 Nxg3 12. hxg3 Bg7 13. Bf5 Qf6 $36 {[%mdl 2048] Black fights for an advantage.} 14. g4 O-O-O 15. O-O-O Kb8 16. Kb1 c6 17. Ne2 {[#]} (17. Rh5 {is interesting.} Rc8 18. a3 Rce8 19. Rdh1 Qe7 20. R5h3) 17... Bxf5 $146 ({Predecessor:} 17... Bf8 18. Ng3 Bd6 19. Nh5 Qe7 20. e4 Bxf5 21. exf5 Rde8 22. Rde1 Qd8 23. Qc3 Qc7 {1-0 (90) Grela,K (2294)-Baum,J (2064) Marianske Lazne 2018}) 18. Qxf5 Qxf5+ 19. gxf5 g4 $1 {[%cal Rg4f3]} 20. Ne1 h5 21. g3 Bf6 (21... Nf6 $15) 22. Nf4 $11 {The position is equal.} h4 23. gxh4 Bxh4 24. Ned3 Bg5 25. Ne2 Bh4 26. Nef4 Bg5 27. Ne2 Bh4 28. Nef4 {Accuracy: White = 90%, Black = 95%.} 1/2-1/2

[Event "82nd Tata Steel Challengers 2020"]
[Site "Wijk aan Zee"]
[Date "2020.01.11"]
[Round "1.2"]
[White "Anton Guijarro, David"]
[Black "Abdusattorov, Nodirbek"]
[Result "1/2-1/2"]
[WhiteElo "2694"]
[BlackElo "2635"]
[Annotator "TA"]
[PlyCount "148"]
[EventDate "2020.01.11"]
[EventType "tourn"]
[EventCountry "NED"]
[SourceTitle "playchess.com"]
[Source "ChessBase"]
[SourceQuality "1"]

{[%evp 9,148,13,22,3,31,25,30,-19,58,47,56,17,18,17,13,0,0,-14,0,-18,-13,-30,-31,-27,-27,-21,-39,-53,-54,-71,-67,-54,-60,-59,-58,-59,-56,-83,-85,-106,-95,-97,-79,-110,-110,-113,-109,-104,-101,-146,-137,-126,-145,-140,-141,-146,-76,-91,-84,-76,-72,-147,-153,-145,-29,-17,-40,-60,-62,-51,66,0,0,0,0,0,0,0,152,-17,-10,-18,0,-8,0,-13,17,0,79,87,91,83,67,0,0,-23,-14,-14,-12,-9,-14,-45,-45,-45,-45,-45,-45,-52,-45,-44,-42,-42,-42,-54,-36,-36,-36,-36,-36,-36,-36,-36,-35,-35,-35,-35,-35,-35,-35,-35,-35,-35,-35,-35,-35,-35,0,-35,0,-35,0]} 1. Nf3 Nf6 2. c4 e6 3. Nc3 d5 4. e3 a6 5. b3 c5 6. Bb2 {A17: English Opening: 1...Nf6 with ...Bb4} Nc6 7. cxd5 exd5 8. Rc1 {White has an edge.} Bg4 ({Black should play} 8... b5 $1 $11) 9. Na4 $146 ({Predecessor:} 9. h3 Bh5 10. Na4 Nd7 11. Be2 b5 12. Nc3 {1-0 (28) Mamedyarov,S (2801)-Georgiadis,N (2526) Biel 2018}) 9... Nd7 10. Be2 (10. h3 $5 {[%cal Rh3g4]} Be6 11. d4 $14) 10... b5 11. Nc3 $1 {[%cal Rc3d5]} Nb6 12. a4 b4 13. Nb1 Be6 14. O-O Na5 $1 15. d3 f6 16. Nbd2 Be7 $1 17. Qc2 O-O 18. Qb1 Rc8 19. Bd1 Kh8 20. Bc2 Bg8 21. Rfe1 $1 Bd6 22. Ba1 Re8 23. h4 h6 24. Nf1 Bf7 25. N1d2 Bh5 26. Bd1 Bg6 27. Bc2 Qd7 28. Nf1 Nc6 29. Bb2 d4 30. exd4 cxd4 31. Rxe8+ Rxe8 32. Re1 Rc8 (32... Nd5 $142 $1 33. Rxe8+ Qxe8 34. Nxd4 Nxd4 35. Bxd4 Nf4) 33. Nxd4 Nxd4 34. Bxd4 Nd5 35. Qd1 (35. Qb2 $142) 35... Nf4 $1 $17 {[%mdl 1024] Black has strong compensation.} 36. Bb1 Bb8 (36... Bh5 $17 37. f3 Nh3+ $1 {[%mdl 512]} 38. Kh1 (38. gxh3 Qxh3 39. Re3 Qxh4 $19) 38... Bf4) 37. Be3 $11 Bh5 38. f3 Bf7 39. d4 Qd6 ({Black should try} 39... Rc3 $15) 40. Bxf4 ({Better is} 40. g3 $14 Nh5 41. f4) 40... Qxf4 41. Qd3 {[%csl Gb1][%cal Rd3h7]} Bg8 42. g3 $40 {[%mdl 128] Black needs to defend precisely.} Qd6 43. Kg2 a5 $2 {[#]} ({Much worse is} 43... Rc3 $6 44. Qg6 $16) (43... Rd8 $11) 44. Qe4 $2 (44. Qg6 $1 $16) 44... Rd8 45. Rd1 Qc7 46. Bc2 Qc8 47. Rd2 Re8 48. Qd3 Rd8 {[#]} (48... Re1 $11) 49. Ne3 $1 $16 Qc7 50. Qg6 Ba7 51. Ng4 (51. Nf5 $14 Bh7 52. Qg4) 51... Qf7 $11 {aiming for ...Qxg6.} 52. Qxf7 (52. Qe4 {looks sharper.} Qe6 53. Qxe6 Bxe6 54. Ne3 Bxd4 55. f4) 52... Bxf7 53. Ne3 Rxd4 54. Rxd4 Bxd4 55. Nc4 Bxc4 $1 56. bxc4 $15 {[%mdl 4096] Endgame KB-KB} Kg8 57. Kf1 Kf7 58. Ke2 Ke6 59. g4 {[#]} h5 $1 {[%mdl 512]} 60. gxh5 Ke5 61. Be4 Kf4 62. Kd3 Bc5 63. Bc6 Bf2 64. Bd5 Ke5 65. Be4 f5 66. Bb7 f4 67. Bc8 Bxh4 68. Kc2 Kd4 69. Kb3 Be7 70. Bd7 Ke3 71. Bc6 Bd6 72. Bd5 Be7 73. Bc6 Bd6 74. Bd5 Be7 {Accuracy: White = 46%, Black = 59%.} 1/2-1/2

[Event "82nd Tata Steel Challengers 2020"]
[Site "Wijk aan Zee"]
[Date "2020.01.11"]
[Round "1.3"]
[White "Smeets, Jan"]
[Black "Van Foreest, Lucas"]
[Result "1/2-1/2"]
[WhiteElo "2585"]
[BlackElo "2523"]
[Annotator "ChessBase"]
[PlyCount "103"]
[EventDate "2020.01.11"]
[EventType "tourn"]
[EventCountry "NED"]
[SourceTitle "playchess.com"]
[Source "ChessBase"]
[SourceQuality "1"]
[TimeControl "40/6000+30:20/3000+30:900+30"]

1. e4 {[%emt 0:00:00]} e5 {[%emt 0:00:00]} 2. Nf3 {[%emt 0:00:00]} Nc6 {[%emt 0:00:00]} 3. d4 {[%emt 0:00:00]} exd4 {[%emt 0:00:00]} 4. Nxd4 {[%emt 0:00:00]} Nf6 {[%emt 0:00:03]} 5. Nxc6 {[%emt 0:00:50]} bxc6 {[%emt 0:00:06]} 6. Bd3 {[%emt 0:00:06]} d5 {[%emt 0:00:38]} 7. exd5 {[%emt 0:00:30]} cxd5 {[%emt 0:00:06]} 8. O-O {[%emt 0:00:24]} Be7 {[%emt 0:00:17]} 9. c4 {[%emt 0:01:05]} d4 {[%emt 0:00:18]} 10. Bg5 {[%emt 0:00:55]} O-O {[%emt 0:00:19]} 11. Qc2 {[%emt 0:01:41]} h6 {[%emt 0:03:12]} 12. Bxf6 {[%emt 0:01:11]} Bxf6 {[%emt 0:00:37]} 13. b4 {[%emt 0:00:32]} Be7 {[%emt 0:25:53]} 14. a3 {[%emt 0:20:52]} c5 {[%emt 0:16:44]} 15. b5 {[%emt 0:02:08]} Bb7 {[%emt 0:08:55]} 16. Nd2 {[%emt 0:05:21]} Bd6 {[%emt 0:00:06]} 17. Rfe1 {[%emt 0:31:42]} f5 {[%emt 0:01:23]} 18. Re6 {[%emt 0:18:21]} Bc8 {[%emt 0:12:40]} 19. Re2 {[%emt 0:06:18]} Bb7 {[%emt 0:10:27]} 20. Bxf5 {[%emt 0:03:56]} Qf6 {[%emt 0:15:52]} 21. Bh7+ {[%emt 0:11:18]} Kh8 {[%emt 0:00:06]} 22. Qd3 {[%emt 0:00:06]} g6 {[%emt 0:06:08]} 23. Qxg6 {[%emt 0:01:59]} Bxg2 {[%emt 0:01:18]} 24. Qxf6+ {[%emt 0:01:54]} Rxf6 {[%emt 0:00:02]} 25. Kxg2 {[%emt 0:00:37]} Kxh7 {[%emt 0:00:02]} 26. Ne4 {[%emt 0:00:11]} Rg6+ {[%emt 0:00:12]} 27. Ng3 {[%emt 0:00:26]} a6 {[%emt 0:00:03]} 28. Rb1 {[%emt 0:01:04]} axb5 {[%emt 0:00:16]} 29. Rxb5 {[%emt 0:00:02]} d3 {[%emt 0:02:57]} 30. Rd2 {[%emt 0:00:37]} Rxa3 {[%emt 0:00:02]} 31. Kf3 {[%emt 0:00:38]} Rf6+ {[%emt 0:00:26]} 32. Kg2 {[%emt 0:00:40]} Re6 {[%emt 0:02:26]} 33. Kf3 {[%emt 0:00:29]} Rf6+ {[%emt 0:00:01]} 34. Kg2 {[%emt 0:00:01]} Bf4 {[%emt 0:03:52]} 35. Rd1 {[%emt 0:00:01]} d2 {[%emt 0:00:19]} 36. Ne2 {[%emt 0:00:21]} Bg5 {[%emt 0:00:02]} 37. f4 {[%emt 0:01:29]} Bxf4 {[%emt 0:00:03]} 38. Nxf4 {[%emt 0:00:04]} Rxf4 {[%emt 0:00:02]} 39. Rxd2 {[%emt 0:01:04]} Rxc4 {[%emt 0:00:51]} 40. Rb6 {[%emt 0:00:00]} Rg4+ {[%emt 0:00:00]} 41. Kf2 {[%emt 0:08:51]} Ra7 {[%emt 0:04:09]} 42. Rc6 {[%emt 0:01:29]} Rf7+ {[%emt 0:02:06]} 43. Ke3 {[%emt 0:01:59]} Rg5 {[%emt 0:00:20]} 44. Ra2 {[%emt 0:08:14]} Re5+ {[%emt 0:00:57]} 45. Kd3 {[%emt 0:00:28]} Rf3+ {[%emt 0:00:14]} 46. Kc4 {[%emt 0:00:17]} Rf4+ {[%emt 0:00:08]} 47. Kc3 {[%emt 0:02:54]} Re3+ {[%emt 0:01:34]} 48. Kd2 {[%emt 0:00:10]} Re7 {[%emt 0:00:21]} 49. Kc3 {[%emt 0:11:56]} Rf5 {[%emt 0:00:04]} 50. Ra5 {[%emt 0:01:07]} Rh5 {[%emt 0:00:19]} 51. Raxc5 {[%emt 0:02:24]} Rxh2 {[%emt 0:00:17]} 52. Rc7 {[%emt 0:00:23]} 1/2-1/2

[Event "82nd Tata Steel Challengers 2020"]
[Site "Wijk aan Zee"]
[Date "2020.01.11"]
[Round "1.4"]
[White "Ganguly, Surya Shekhar"]
[Black "Warmerdam, Max"]
[Result "1-0"]
[WhiteElo "2636"]
[BlackElo "2498"]
[Annotator "TA"]
[PlyCount "81"]
[EventDate "2020.01.11"]
[EventType "tourn"]
[EventCountry "NED"]
[SourceTitle "playchess.com"]
[Source "ChessBase"]
[SourceQuality "1"]

{[%evp 13,81,7,4,-20,14,31,12,14,23,8,8,8,9,14,0,0,0,0,0,0,12,0,48,50,88,32,46,0,0,0,0,0,0,-34,0,36,143,143,139,139,138,22,139,141,138,145,152,132,160,172,168,164,239,230,221,218,238,226,399,400,367,363,397,396,376,152,159,0,358,360]} 1. e4 c5 2. Nf3 d6 3. d4 cxd4 4. Nxd4 Nf6 5. Nc3 a6 6. Be3 e5 7. Nf3 Be7 8. h3 {B90: Sicilian Najdorf: Unusual White 6th moves, 6 Be3 Ng4 and 6 Be3 e5.} O-O 9. g4 Be6 10. g5 {[#] The position is equal.} Nh5 $146 ({Predecessor:} 10... Nfd7 11. Qd2 Kh8 12. O-O-O Nb6 13. Nh4 g6 14. Ng2 N8d7 15. f4 Rc8 16. h4 Nc4 17. Bxc4 Rxc4 18. h5 b5 19. hxg6 fxg6 20. Nh4 Bf7 21. f5 b4 22. Nxg6+ {1-0 (22) Nenezic,D (2138)-Jovancevic,J (2039) Niksic 2018}) 11. Qd2 Nd7 {[%cal Bb8d7,Bd7b6,Bb6c4][%mdl 32]} 12. O-O-O Rc8 13. Kb1 Nb6 14. h4 Qc7 15. Bh3 Nc4 16. Qd3 Qd7 17. Ng1 Bd8 18. Bc1 Ba5 {Hoping for ...Nf4.} 19. Nd5 (19. Nge2 $16) 19... Nb6 $14 20. Qe2 g6 21. Nf6+ Nxf6 22. gxf6 Na4 23. Rd3 Bd8 ({Black should try} 23... Nc5 $15 24. Bxe6 Qxe6) 24. Rf3 Qb5 (24... h5 $14) 25. Qxb5 $16 axb5 26. Bh6 $1 $36 {[%mdl 2048] White is in control.} Nc5 27. h5 ({Better is} 27. Bxf8 $16 Kxf8 28. Bxe6 fxe6 29. Re3) 27... g5 (27... Bxh3 $1 $11 {keeps the balance.} 28. hxg6 (28. Rfxh3 Re8 $11) (28. Nxh3 Nxe4 29. Re3 Nxf6 $11) 28... fxg6 29. Bxf8 Bg2 30. Bxd6 Bxf6 31. Rxf6 Nxe4 32. Rxg6+ (32. Rh2 Nxf6 33. Bxe5 Be4 $15) 32... hxg6) 28. Bxe6 fxe6 29. Bxf8 Kxf8 30. Rc3 {Strongly threatening b4.} b4 31. Rc4 Ba5 32. Nf3 h6 (32... b5 $142 33. Rxc5 dxc5) 33. Rd1 $18 b5 34. Rxc5 $1 Rxc5 35. Rxd6 {[%mdl 4096] Endgame KRB-KRN} Kf7 $2 (35... g4) 36. Rd7+ Kxf6 37. Rh7 g4 38. Rxh6+ Ke7 39. Rh7+ (39. Ng5 $1 $18 {is the precise move to win.}) 39... Kf6 $16 {[#]} 40. Rh6+ $2 (40. Nh2 $1 $16 {[%cal Rh2g4]} Kg5 41. Rh8) 40... Ke7 $18 {[#]} 41. Ng5 $1 {Accuracy: White = 78%, Black = 54%.} 1-0

[Event "82nd Tata Steel Challengers 2020"]
[Site "Wijk aan Zee"]
[Date "2020.01.11"]
[Round "1.5"]
[White "L'Ami, Erwin"]
[Black "Smirnov, Anton"]
[Result "1-0"]
[WhiteElo "2606"]
[BlackElo "2604"]
[Annotator "ChessBase"]
[PlyCount "93"]
[EventDate "2020.01.11"]
[EventType "tourn"]
[EventCountry "NED"]
[SourceTitle "playchess.com"]
[Source "ChessBase"]
[SourceQuality "1"]
[TimeControl "40/6000+30:20/3000+30:900+30"]

1. d4 {[%emt 0:00:00]} d5 {[%emt 0:00:00]} 2. c4 {[%emt 0:00:00]} c6 {[%emt 0:00:06]} 3. Nf3 {[%emt 0:00:00]} Nf6 {[%emt 0:00:05]} 4. e3 {[%emt 0:00:50]} Bg4 {[%emt 0:00:14]} 5. Qb3 {[%emt 0:01:11]} Qb6 {[%emt 0:03:01]} 6. Ne5 {[%emt 0:00:52]} Bf5 {[%emt 0:01:35]} 7. cxd5 {[%emt 0:00:18]} Qxb3 {[%emt 0:03:54]} 8. axb3 {[%emt 0:00:39]} Nxd5 {[%emt 0:00:08]} 9. Bd3 {[%emt 0:00:22]} Bxd3 {[%emt 0:01:58]} 10. Nxd3 {[%emt 0:00:21]} Na6 {[%emt 0:06:51]} 11. Bd2 {[%emt 0:01:26]} e6 {[%emt 0:00:36]} 12. Ke2 {[%emt 0:00:17]} Be7 {[%emt 0:06:51]} 13. Na3 {[%emt 0:06:40]} O-O {[%emt 0:09:52]} 14. Nc4 {[%emt 0:03:23]} c5 {[%emt 0:11:22]} 15. Rxa6 {[%emt 0:01:45]} bxa6 {[%emt 0:00:09]} 16. dxc5 {[%emt 0:00:12]} Rfc8 {[%emt 0:05:06]} 17. b4 {[%emt 0:01:59]} f6 {[%emt 0:02:19]} 18. e4 {[%emt 0:13:00]} Nc7 {[%emt 0:00:13]} 19. Bc3 {[%emt 0:05:27]} Nb5 {[%emt 0:03:44]} 20. Ra1 {[%emt 0:04:17]} Rc6 {[%emt 0:01:32]} 21. e5 {[%emt 0:03:11]} Bd8 {[%emt 0:06:24]} 22. Nd6 {[%emt 0:06:54]} Rb8 {[%emt 0:02:13]} 23. f4 {[%emt 0:03:13]} h5 {[%emt 0:07:37]} 24. g3 {[%emt 0:03:31]} Nc7 {[%emt 0:09:22]} 25. Ke3 {[%emt 0:08:40]} f5 {[%emt 0:02:52]} 26. Bd2 {[%emt 0:08:11]} Kf8 {[%emt 0:04:07]} 27. Kd4 {[%emt 0:12:59]} g6 {[%emt 0:02:21]} 28. Ne1 {[%emt 0:05:30]} Nb5+ {[%emt 0:05:13]} 29. Nxb5 {[%emt 0:03:03]} axb5 {[%emt 0:02:23]} 30. Rxa7 {[%emt 0:01:09]} Rcc8 {[%emt 0:01:04]} 31. Nc2 {[%emt 0:07:53]} Ra8 {[%emt 0:01:12]} 32. Rd7 {[%emt 0:00:24]} Be7 {[%emt 0:06:43]} 33. Ke3 {[%emt 0:02:21]} Ke8 {[%emt 0:00:02]} 34. Rd6 {[%emt 0:01:08]} Bxd6 {[%emt 0:00:12]} 35. exd6 {[%emt 0:00:08]} Kd7 {[%emt 0:00:42]} 36. Nd4 {[%emt 0:02:24]} Ra2 {[%emt 0:02:51]} 37. Bc3 {[%emt 0:00:36]} Ra1 {[%emt 0:00:05]} 38. Nxb5 {[%emt 0:02:57]} Rh1 {[%emt 0:02:05]} 39. h4 {[%emt 0:00:39]} Rg1 {[%emt 0:00:34]} 40. Kf2 {[%emt 0:00:00]} Rd1 {[%emt 0:00:00]} 41. Nd4 {[%emt 0:07:29]} Ra8 {[%emt 0:22:39]} 42. Ke2 {[%emt 0:17:28]} Rg1 {[%emt 0:01:41]} 43. b5 {[%emt 0:04:03]} Rxg3 {[%emt 0:05:33]} 44. Bb4 {[%emt 0:01:31]} Rg2+ {[%emt 0:00:41]} 45. Kd3 {[%emt 0:00:49]} Rxb2 {[%emt 0:00:10]} 46. c6+ {[%emt 0:00:06]} Kc8 {[%emt 0:00:13]} 47. Nxe6 {[%emt 0:03:42]} 1-0

[Event "82nd Tata Steel Challengers 2020"]
[Site "Wijk aan Zee"]
[Date "2020.01.11"]
[Round "1.6"]
[White "Keymer, Vincent"]
[Black "Eljanov, Pavel"]
[Result "0-1"]
[WhiteElo "2527"]
[BlackElo "2650"]
[Annotator "TA"]
[PlyCount "138"]
[EventDate "2020.01.11"]
[EventType "tourn"]
[EventCountry "NED"]
[SourceTitle "playchess.com"]
[Source "ChessBase"]
[SourceQuality "1"]

{[%evp 20,138,31,0,0,0,0,15,9,12,3,12,2,4,4,10,6,11,17,21,32,-13,-11,-59,-49,-118,-75,-82,-83,-93,-84,-90,-85,-90,-97,-91,-92,-91,-100,-98,-43,-53,-8,-8,-6,-25,-21,-18,-18,-43,-37,-94,-101,-110,-119,-131,-74,-77,-58,-58,-58,-58,-58,-58,-58,-66,-58,-58,-58,-66,-8,-8,-8,-8,-8,-8,-8,-8,-8,-8,-8,-29,-8,-8,-8,-8,-8,-8,-8,-8,-8,-8,-8,-8,-8,-8,-8,-8,-8,-606,-608,-606,-598,-598,-598,-598,-598,-564,-565,-499,-8,-8,-8,-4630,-4622,-29962,-29962,-12834,-5604,-5081,-4706]} 1. d4 Nf6 2. c4 e6 3. Nf3 d5 4. Nc3 c6 5. e3 Nbd7 6. Qc2 Bd6 7. Bd3 O-O 8. O-O dxc4 9. Bxc4 e5 10. h3 Qe7 11. Bb3 a5 {D46: Semi-Slav: 5 e3 Nbd7 6 Bd3, Black avoids the Meran} (11... Bc7 12. Bd2 h6 13. Nh4 Rd8 14. Nf5 Qf8 15. Rad1 exd4 16. exd4 Nb6 17. Rfe1 Bxf5 18. Qxf5 Qd6 19. g3 Qd7 {½-½ (33) Mareco,S (2651)-Henriquez Villagra,C (2543) Montevideo 2019}) 12. a3 Bc7 13. Bd2 h6 {The position is equal.} 14. Rad1 Re8 15. dxe5 Nxe5 16. Nd4 c5 17. Nf5 Bxf5 $1 18. Qxf5 c4 19. Ba2 $146 ({Predecessor:} 19. Ba4) 19... Rad8 20. Bc1 Bb8 $40 {[%mdl 128] Black has some attack.} 21. Nb5 Rc8 $1 {[%cal Bd8c8,Bc8c5,Bc5e5][%mdl 32]} 22. f4 (22. Nc3 $15) 22... Rc5 23. fxe5 Rxe5 24. Qc2 Rxb5 25. Bxc4 Rg5 26. e4 {[#]} Qc7 $1 {[%mdl 512] ( -> ...Qh2+)} 27. Bf4 Qc5+ 28. Kh1 Bxf4 29. Rxf4 b5 (29... Qc7 $1 $17 {[%cal Rc7f4]} 30. Rdf1 b5) 30. Bb3 Qxc2 (30... a4 {looks sharper.} 31. Qxc5 Rxc5 32. Bd5 Rc2 33. b4 Rc3) 31. Bxc2 Kf8 32. Rd2 Nh5 33. Rf3 Ng3+ 34. Kh2 Nxe4 35. Bxe4 (35. Rd4 $15 Nf6 36. Bd3) 35... Rxe4 $15 {[%mdl 4096] Endgame KRR-KRR} 36. Rd7 f6 37. Rc3 Re7 (37... Kg8 $142 {aiming for ...Re2!} 38. Rc2 b4) 38. Rc8+ $17 Kf7 39. Rxe7+ $1 Kxe7 $15 {KR-KR} 40. b3 $1 Rd5 41. Rc7+ Kf8 42. Rb7 Kg8 43. Kg1 Kh7 44. Ra7 b4 ({Black should play} 44... Rd3 $15) 45. axb4 $11 axb4 46. Rb7 Rd4 47. Kf2 f5 48. Ke3 Re4+ 49. Kf3 h5 50. Rb6 h4 51. Rb7 Kh6 52. Rb5 Kg5 53. Rb7 g6 54. Rb8 Kf6 55. Rb6+ Ke5 56. Rb5+ Kd6 57. Rb6+ Kc5 58. Rxg6 Kd4 {White must now prevent ...Re3+.} 59. Rc6 $2 {[%mdl 8192]} (59. Rf6 $11) 59... Re3+ $19 {[%mdl 64] Double Attack} 60. Kf4 Rxb3 61. Rh6 Re3 62. Kxf5 {[#]} Re5+ $1 63. Kg4 {[#]} Re4+ $1 64. Kf5 b3 $2 ({Black should try} 64... Kd3 $19 {Hoping for ...Rd4.} 65. Rg6 Rc4) 65. Rb6 $1 $11 {[%cal Rb6b4] Strongly threatening Rb4+.} Re3 66. Kg4 $2 {[%mdl 8192]} (66. Kg5 $11) 66... Kc5 $19 67. Rf6 Re4+ 68. Kg5 b2 69. Rf1 Kb4 {Accuracy: White = 52%, Black = 70%.} 0-1

[Event "82nd Tata Steel Challengers 2020"]
[Site "Wijk aan Zee"]
[Date "2020.01.11"]
[Round "1.7"]
[White "Nihal Sarin"]
[Black "Grandelius, Nils"]
[Result "1/2-1/2"]
[WhiteElo "2618"]
[BlackElo "2673"]
[Annotator "TA"]
[PlyCount "206"]
[EventDate "2020.01.11"]
[EventType "tourn"]
[EventCountry "NED"]
[SourceTitle "playchess.com"]
[Source "ChessBase"]
[SourceQuality "1"]

{[%evp 9,206,4,11,0,15,8,11,-4,0,-6,-18,-14,0,-15,-11,-36,-13,-7,-7,-18,-16,-35,0,-7,0,0,0,-12,-6,-8,49,47,56,54,47,16,41,0,14,16,49,43,67,73,69,74,68,67,67,68,68,68,68,68,66,65,67,71,72,75,78,60,68,67,68,68,68,68,72,66,83,83,84,84,92,92,92,92,92,92,92,92,103,92,92,92,92,83,92,83,87,87,92,92,92,91,91,83,91,0,92,87,92,92,92,87,87,87,92,92,92,93,94,91,92,91,95,89,89,89,95,89,93,93,95,75,75,75,93,66,66,66,66,66,66,22,22,22,67,67,67,67,67,67,67,67,67,67,68,68,75,75,75,68,68,68,75,75,75,75,75,75,75,75,75,75,75,75,75,75,75,68,68,67,67,67,67,67,67,67,67,67,67,67,68,67,75,75,75,75,75,75,75,75,75,75,75,8,8]} 1. Nf3 c5 2. e4 d6 3. d4 cxd4 4. Qxd4 Nf6 5. Be2 g6 6. O-O {B53: Sicilian: 2...d6: Lines with Qxd4} (6. h3 Bg7 7. O-O O-O 8. c4 Be6 9. Qe3 Qc8 10. Bd2 Nbd7 11. Nd4 Qc5 12. Nxe6 fxe6 {0-1 (58) Anand,V (2757)-Nepomniachtchi,I (2773) Kolkata 2019}) 6... Bg7 7. Qe3 O-O 8. h3 Nbd7 {[%cal Bb8d7,Bd7c5,Bc5e4][%mdl 32]} 9. c4 b6 10. Nc3 Bb7 11. Rd1 $146 ({Predecessor:} 11. Rb1 Nc5 12. Nd2 e6 {0-1 (39) Mazi,L (2336)-Shevchenko,K (2537) Trieste 2017}) 11... Nc5 {[%cal Rf6e4]} 12. e5 Nfe4 13. Nxe4 Nxe4 14. Qa3 Qc8 15. Be3 {[%cal Re5d6]} Rd8 16. Rac1 Qe6 17. exd6 Rxd6 18. Re1 Qf6 19. b4 {[%cal Bb2b4,Bb4c5][%mdl 32]} h6 (19... Nc3 $11 20. Bf1 (20. Bg5 Nxe2+ 21. Rxe2 Qf5 $17) 20... Bxf3 21. gxf3 Rd7) 20. c5 bxc5 21. bxc5 Rdd8 22. Nh2 h5 23. Bf3 Bc6 24. Nf1 {With the idea Rc4.} Rdc8 25. Rc4 Nc3 26. Rf4 $36 {[%mdl 2048] White is really pushing.} Qe6 27. Bd2 $1 {[%csl LRc3,LRe6][%mdl 64] [#] Discovered Attack} Qxa2 28. Qxa2 Nxa2 29. Rxe7 a5 30. Rfxf7 Bf8 31. Bxc6 Rxc6 32. Ra7 Rxa7 33. Rxa7 Rxc5 34. Bxa5 Nc3 35. Ne3 Ne2+ 36. Kf1 Nf4 {next ...Rc1+ is good for Black.} 37. Bd2 Rb5 {[#] Threatens to win with ...Rb1+.} 38. Ra1 Bg7 39. Rd1 Rb2 40. Nc4 Rc2 41. Nd6 Nd3 {Threatening ...Nb2.} 42. Ne4 Nc5 43. Ng5 {aiming for Be3.} Bf6 44. Be3 {Strongly threatening Rd6.} Bxg5 45. Bxg5 $16 {[%mdl 4096] Endgame KRB-KRN} Ne6 46. Be3 Rc7 47. Ke2 Kf7 48. Kf3 Rb7 49. Ra1 Kf6 50. Ra6 Rb4 51. g3 Rc4 52. Rb6 Kf7 53. Rd6 Ke7 54. Ra6 (54. Rd5 {seems wilder.} Rb4 55. h4 Ra4 56. Bd2 Nd4+ 57. Ke3) 54... Kf6 $1 55. Ke2 Kf7 56. Kd3 Rc7 57. Rb6 Ra7 58. Rb4 Re7 59. Rb5 Rd7+ 60. Ke4 Re7 61. Kf3 Rc7 62. Rb4 Re7 63. g4 hxg4+ 64. hxg4 Re8 65. Kg3 Re7 66. Ra4 Rc7 67. f4 Rc3 68. Kf3 Rc7 69. Ra2 Rc4 70. Rd2 Ke7 71. Rd1 Ra4 72. f5 gxf5 73. gxf5 Kf6 74. fxe6 Kxe6 $14 {KRB-KR} 75. Bf4 Ra3+ 76. Kg4 Ra6 77. Rd4 Rc6 78. Kf3 Ra6 79. Ke4 Ra1 80. Rd6+ Ke7 81. Rb6 Kd7 82. Be5 Re1+ 83. Kd5 Rd1+ 84. Bd4 Rd2 85. Rb7+ Kd8 86. Rh7 Rd1 87. Ke5 Kc8 88. Bc5 Rd7 89. Rh1 Rd2 90. Bd6 Kd7 91. Rh7+ Kc6 92. Rc7+ Kb5 93. Rc5+ Ka4 94. Rc1 Kb5 95. Bc5 Rh2 96. Bd4 Rh5+ 97. Kd6 Rh6+ 98. Kd5 Rh5+ 99. Be5 Rg5 100. Rb1+ Ka5 101. Rb3 Rh5 102. Rb7 Rg5 103. Rg7 ({White should try} 103. Rb8 $16) 103... Rxg7 {Accuracy: White = 63%, Black = 68%.} 1/2-1/2